All Countries With Universal Healthcare - Statistics

General Stats
  • This quiz has been taken 27 times
  • The average score is 55 of 70
Answer Stats
Continent Country % Correct
Africa Morocco
96%
Africa South Africa
92%
Europe Spain
92%
Europe United Kingdom
92%
Africa Algeria
88%
South America Argentina
88%
Oceania Australia
88%
North America Canada
88%
South America Chile
88%
Asia China
88%
Africa Egypt
88%
Europe France
88%
Europe Germany
88%
Europe Greece
88%
Europe Italy
88%
Europe Norway
88%
Europe Portugal
88%
Europe Sweden
88%
Europe Austria
84%
Africa Botswana
84%
South America Brazil
84%
Europe Finland
84%
Asia India
84%
Europe Ireland
84%
Oceania New Zealand
84%
South America Peru
84%
Eurasia Russia
84%
Europe Switzerland
84%
Eurasia Turkey
84%
Europe Albania
80%
South America Colombia
80%
North America Costa Rica
80%
Europe Croatia
80%
North America Cuba
80%
Europe Czech Republic
80%
Europe Denmark
80%
Europe Iceland
80%
Asia Japan
80%
Europe Luxembourg
80%
Asia Pakistan
80%
Europe Serbia
80%
Asia South Korea
80%
Africa Tunisia
80%
North America Bahamas
76%
Europe Belgium
76%
Europe Bulgaria
76%
Asia Indonesia
76%
Asia Israel
76%
North America Mexico
76%
Europe Netherlands
76%
Europe Romania
76%
Asia Singapore
76%
South America Suriname
76%
Asia Thailand
76%
Asia Georgia
72%
Africa Ghana
72%
Europe Liechtenstein
72%
Asia Malaysia
72%
Asia North Korea
72%
Asia Taiwan
72%
Asia Bhutan
68%
Asia Philippines
68%
Asia Kuwait
64%
North America Trinidad and Tobago
64%
Asia Sri Lanka
60%
Asia Maldives
56%
Africa Mauritius
52%
Africa Rwanda
52%
Africa Seychelles
48%
Africa Burkina Faso
36%
No matching quizzes found
Score Distribution
Percent of People with Each Score
Percentile by Number Answered
Your Score History
You have not taken this quiz